Informačné procesy v riadení podniku záverečná práca postgraduálneho štúdia

Enregistré dans:
Détails bibliographiques
Auteur principal: Gregorec, Ján
Collectivité auteur: Vysoká škola ekonomická v Bratislave
Autres auteurs: Laučík, Zdenko
Format: Livre
Langue:slovaque
Publié: Bratislava 1990
Tags: Ajouter un tag
Pas de tags, Soyez le premier à ajouter un tag!

MARC

LEADER 00000nam a2200000 4500
001 c034378
005 20221215070706.6
041 0 |a slo 
044 |a SK 
245 1 0 |a Informačné procesy v riadení podniku  |b záverečná práca postgraduálneho štúdia  |c Ján Gregorec ; ved. práce Zdenko Laučík 
264 1 |a Bratislava  |c 1990 
300 |a 36 s. 
100 1 |a Gregorec, Ján 
700 1 |a Laučík, Zdenko 
710 2 |a Vysoká škola ekonomická v Bratislave